00289nam a22001217a 4500020001900000040001200019082001700031100001600048245006400064250001600128260001000144300001300154 a978-1285852744 cMSOHAIL a005.133bMAL aD. S. Malik aC ++ Programming Program Design Including Data Structures  a7th edition cc2015 a1680;pxv